| 000 | 00398nam a2200157Ia 4500 | ||
|---|---|---|---|
| 005 | 20250423101400.0 | ||
| 008 | 250422s9999 xx 000 0 und d | ||
| 020 | _a9780393171159 | ||
| 050 | _aE 178 .1 .T55/ | ||
| 100 | _aTindall, George Brown | ||
| 245 | 4 | _aThe perfect supplements for your American history course | |
| 250 | _a7th ed. | ||
| 260 | _bNorton | ||
| 300 | _a143 p | ||
| 942 | _cBK | ||
| 999 |
_c36146 _d36146 |
||